| 000 | 00729nam a2200253 a 4500 | ||
|---|---|---|---|
| 001 | 000047029 | ||
| 003 | DO-SdBNP | ||
| 005 | 20220422121630.0 | ||
| 007 | ta | ||
| 008 | 100706s2005 dr a 000 f spa d | ||
| 020 | _a9993476951 | ||
| 040 |
_aDO-SdBNP _bspa _cBNPHU |
||
| 082 | 4 |
_a863.3 _bL431tor _222 |
|
| 245 | 0 | 3 |
_aEl lazarillo de Tormes / _cAnónimo. |
| 260 |
_aSanto Domingo, República Dominicana : _bAlfa & Omega, _c2005. |
||
| 300 |
_a80 p. ; _c21 cm. |
||
| 490 | 1 | _aDidáctica Tobogán | |
| 590 | _aInventariado, 2018/VM | ||
| 650 | 4 |
_aNovela española _91123 |
|
| 650 | 4 |
_aNovela picaresca española _942269 |
|
| 650 | 4 |
_aLiteratura española _9632 |
|
| 830 | 0 |
_aDidáctica Tobogán _974887 |
|
| 942 |
_2ddc _cLBS1 |
||
| 999 |
_c46517 _d46517 |
||